| 000 | 00402pab a2200157 454500 | ||
|---|---|---|---|
| 008 | 180718b2014 xxu||||| |||| 00| 0 eng d | ||
| 100 | _aMajeed, Nazeer A. | ||
| 245 | _aQuran as discourse: Engineer's case for a politics of liberation | ||
| 260 | _c2014 | ||
| 300 | _ap.59-67. | ||
| 362 | _a11 Oct | ||
| 650 | _aIslam | ||
| 773 | _aEconomic and Political Weekly | ||
| 908 | _aN | ||
| 909 | _a105747 | ||
| 999 |
_c105742 _d105742 |
||